Asian Cities A-Z Quiz Stats

 Plays Quiz Updated Dec 10, 2018

Support Sporcle.
Go Orange.
Score 0/26 Timer 06:00
4 Plays Today
Letter City % Correct
BBeijing, China
92.5%
TTokyo, Japan
88.2%
SShanghai, China
80.2%
MManila, Philippines
63.8%
DDelhi, India
62.5%
JJakarta, Indonesia
61.4%
OOsaka, Japan
44.2%
KKarachi, Pakistan
38.8%
IIstanbul, Turkey
33%
GGuangzhou, China
31.4%
RRiyadh, Saudi Arabia
31.1%
XXian, China
29.3%
HHyderabad, India
28%
Letter City % Correct
LLahore, Pakistan
26.8%
AAhmedabad, India
24.5%
WWuhan, China
20.2%
CChongqing, China
18.6%
YYangon, Myanmar
17.1%
NNagoya, Japan
12.4%
UÜrümqi, China
11%
QQingdao, China
8.7%
PPune, India
7.5%
FFaisalabad, Pakistan
6.6%
ZZhengzhou, China
5.8%
EEsfahan, Iran
5.7%
VVadodara, India
1.8%

From the Vault

SNL: Finish the Catchphrase

by DIEGO1000

Well, isn't that Sporcle.
Remove Ads.
Support Sporcle.
Get the best of Sporcle when you Go Orange. This ad-free experience offers more features, more stats, and more fun while also helping to support Sporcle. Thank you for becoming a member.

Show Comments

Extras

Top Quizzes Today


Score Distribution

Your Account Isn't Verified!

In order to create a playlist on Sporcle, you need to verify the email address you used during registration. Go to your Sporcle Settings to finish the process.

Report this User

Report this user for behavior that violates our Community Guidelines.

Details: